[Event "Landesliga Nord 1213"]
[Site "Bayern"]
[Date "2013.01.13"]
[Round "5.5"]
[White "Zauner, Josef"]
[Black "Mittag, Ralf"]
[Result "1/2-1/2"]
[WhiteElo "2110"]
[BlackElo "2071"]
[PlyCount "99"]
[EventDate "2012.10.14"]
[EventType "team-tourn"]
[EventRounds "9"]
[EventCountry "GER"]
[SourceTitle "EXT 2015"]
[Source "ChessBase"]
[SourceDate "2014.11.20"]
[SourceVersion "1"]
[SourceVersionDate "2014.11.20"]
[SourceQuality "1"]
[WhiteTeam "Kareth Lappersdorf"]
[BlackTeam "Bamberg"]
[WhiteTeamCountry "GER"]
[BlackTeamCountry "GER"]

1. e4 c6 2. d4 d5 3. exd5 cxd5 4. Bd3 Nc6 5. c3 Nf6 6. Bf4 Bg4 7. Qb3 Qd7 8. Nd2 Nh5 9. Be3 g6 10. h3 Be6 11. Ngf3 Bg7 12. g4 Nf6 13. Ng5 0-0 14. Qd1 Qd6 15. Nxe6 Qxe6 16. Qe2 Qd6 17. f4 Nd7 18. Qf2 f6 19. f5 g5 20. h4 h6 21. Nf3 Rfe8 22. 0-0 e5 23. fxe6 Qxe6 24. Bf5 Qd6 25. Rae1 Ne7 26. Bb1 Rf8 27. Qh2 Qxh2+ 28. Nxh2 Rae8 29. Bc1 Nb6 30. Re2 Nec8 31. Rfe1 Rxe2 32. Rxe2 Nd6 33. Re6 Rd8 34. Bg6 Kf8 35. b3 Kg8 36. h5 Nbc8 37. Nf3 Rd7 38. Ba3 Rd8 39. Ne1 Nf7 40. Nd3 Ncd6 41. Nb4 Nb5 42. Bb2 a5 43. Nd3 Nh8 44. Re8+ Rxe8 45. Bxe8 Nd6 46. Bd7 Kf7 47. Ba3 Ne4 48. c4 dxc4 49. bxc4 Nd2 50. Nc5 1/2-1/2

[Event "Regionalliga NO 1011"]
[Site "Bayern"]
[Date "2011.02.27"]
[Round "7.4"]
[White "Weigel, Robert"]
[Black "Zauner, Josef"]
[Result "1-0"]
[WhiteElo "2108"]
[BlackElo "2130"]
[PlyCount "83"]
[EventDate "2010.10.10"]
[EventType "team-tourn"]
[EventRounds "9"]
[EventCountry "GER"]
[SourceTitle "EXT 2012"]
[Source "ChessBase"]
[SourceDate "2011.11.24"]
[SourceVersion "1"]
[SourceVersionDate "2011.11.24"]
[SourceQuality "1"]
[WhiteTeam "Forchheim II"]
[BlackTeam "Kareth Lappersdorf"]
[WhiteTeamCountry "GER"]
[BlackTeamCountry "GER"]

1. Nf3 d5 2. d4 e6 3. c4 c5 4. cxd5 exd5 5. g3 Nc6 6. Bg2 Nf6 7. 0-0 Be7 8. Bg5 h6 9. Be3 cxd4 10. Nxd4 0-0 11. Nc3 Re8 12. Nb3 Be6 13. Rc1 Qd7 14. Bc5 Rad8 15. Bxe7 Qxe7 16. Nd4 Qb4 17. Nxe6 fxe6 18. b3 Rc8 19. Qd3 a6 20. Rfd1 Ne5 21. Qe3 Neg4 22. Qf4 Qa5 23. Qd4 h5 24. h3 Nh6 25. Qd2 Nf5 26. e4 dxe4 27. Nxe4 Qxd2 28. Nxd2 Nd5 29. Ne4 Red8 30. Ng5 Rxc1 31. Rxc1 Re8 32. Nxe6 Nb4 33. Ng5 b5 34. Rc7 Nd4 35. a3 Nd3 36. Bd5+ Kh8 37. Nf7+ Kh7 38. Be4+ Kg8 39. Bxd3 Ne6 40. Ra7 Nc5 41. Bg6 Rf8 42. b4 1-0

[Event "Regionalliga NO 0910"]
[Site "Bayern"]
[Date "2010.04.11"]
[Round "9.7"]
[White "Zauner, Josef"]
[Black "Petrovic, Ljubisa"]
[Result "1/2-1/2"]
[WhiteElo "2130"]
[BlackElo "1996"]
[PlyCount "63"]
[EventDate "2009.10.18"]
[EventType "team-tourn"]
[EventRounds "9"]
[EventCountry "GER"]
[SourceTitle "EXT 2011"]
[Source "ChessBase"]
[SourceDate "2010.11.26"]
[SourceVersion "1"]
[SourceVersionDate "2010.11.26"]
[SourceQuality "1"]
[WhiteTeam "Kareth Lappersdorf"]
[BlackTeam "Amberg Siemens"]
[WhiteTeamCountry "GER"]
[BlackTeamCountry "GER"]

1. e4 e5 2. f4 d5 3. exd5 exf4 4. Nf3 c6 5. d4 cxd5 6. Bxf4 Nf6 7. Nc3 Bg4 8. Qe2+ Be7 9. Qb5+ Qd7 10. Ne5 Qxb5 11. Nxb5 Na6 12. Nxg4 Nxg4 13. Nd6+ Bxd6 14. Bxd6 0-0-0 15. Bg3 h5 16. Bd3 Rde8+ 17. Kd2 Nb4 18. Bf5+ Kd8 19. Rae1 Nh6 20. Bh4+ Kc7 21. Rhf1 g6 22. Bh3 f5 23. Bf6 Rhg8 24. g3 Ng4 25. Bxg4 hxg4 26. Re5 Rxe5 27. Bxe5+ Kd7 28. Re1 Re8 29. c3 Nc6 30. Bf4 Rxe1 31. Kxe1 b5 32. Kd2 1/2-1/2

[Event "Regionalliga NO 0910"]
[Site "Bayern"]
[Date "2010.02.28"]
[Round "7.8"]
[White "Schmahl, Stephan"]
[Black "Zauner, Josef"]
[Result "0-1"]
[WhiteElo "2099"]
[BlackElo "2130"]
[PlyCount "86"]
[EventDate "2009.10.18"]
[EventType "team-tourn"]
[EventRounds "9"]
[EventCountry "GER"]
[SourceTitle "EXT 2011"]
[Source "ChessBase"]
[SourceDate "2010.11.26"]
[SourceVersion "1"]
[SourceVersionDate "2010.11.26"]
[SourceQuality "1"]
[WhiteTeam "Neutraubling"]
[BlackTeam "Kareth Lappersdorf"]
[WhiteTeamCountry "GER"]
[BlackTeamCountry "GER"]

1. d4 Nf6 2. c4 e5 3. dxe5 Ng4 4. Nf3 Bc5 5. e3 Nc6 6. Be2 Ngxe5 7. 0-0 0-0 8. a3 a5 9. Nc3 d6 10. b3 Re8 11. Bb2 Nxf3+ 12. Bxf3 Ne5 13. Na4 Qf6 14. Bxe5 Qxe5 15. Qd5 c6 16. Qxe5 Rxe5 17. Rfd1 Bf5 18. Nxc5 dxc5 19. Rd2 Kf8 20. a4 Ke7 21. Kf1 Be6 22. Ke1 f5 23. Kd1 g5 24. Kc2 h5 25. Kc3 Rf8 26. Bd1 h4 27. Bc2 g4 28. Rad1 g3 29. fxg3 hxg3 30. h3 Rxe3+ 31. Rd3 Rxd3+ 32. Bxd3 Kf6 33. Rf1 Kg5 34. Be2 f4 35. Bf3 Re8 36. Re1 Bd7 37. Re4 Rxe4 38. Bxe4 Bf5 39. Bf3 Kh4 40. Kd2 Kg5 41. Kc3 Kf6 42. Kd2 Ke5 43. Kc3 Be4 0-1

[Event "Landesliga Sued 0102"]
[Site "Bayern"]
[Date "2002.02.24"]
[Round "6.7"]
[White "Braun, Thomas1111"]
[Black "Zauner, Josef"]
[Result "1/2-1/2"]
[WhiteElo "2085"]
[BlackElo "2100"]
[PlyCount "48"]
[EventDate "2001.10.07"]
[EventType "team-tourn"]
[EventRounds "9"]
[EventCountry "GER"]
[SourceTitle "EXT 2003"]
[Source "ChessBase"]
[SourceDate "2002.11.25"]
[SourceVersion "1"]
[SourceVersionDate "2002.11.25"]
[SourceQuality "1"]
[WhiteTeam "Bayern Muenchen II"]
[BlackTeam "Pfarrkirchen SC"]
[WhiteTeamCountry "GER"]
[BlackTeamCountry "GER"]

1. d4 d5 2. c4 c6 3. Nf3 e6 4. e3 f5 5. Be2 Nf6 6. Qc2 Bd6 7. Nbd2 0-0 8. b3 Nbd7 9. Bb2 Ne4 10. 0-0 Qf6 11. Ne1 Qh6 12. Ndf3 g5 13. Nd3 Rf6 14. Nfe5 g4 15. Nf4 Nf8 16. f3 g3 17. h3 Nf2 18. Bc1 Ng6 19. Nfxg6 hxg6 20. Nd3 Nxd3 21. Bxd3 Qh4 22. f4 Bd7 23. Qe2 Kf7 24. Qe1 g5 1/2-1/2

[Event "Landesliga Sued 9900"]
[Site "Bayern"]
[Date "1999.11.07"]
[Round "2.7"]
[White "Zauner, Josef"]
[Black "Braun, Thomas1111"]
[Result "1-0"]
[WhiteElo "2105"]
[BlackElo "2055"]
[PlyCount "79"]
[EventDate "1999.10.10"]
[EventType "team-tourn"]
[EventRounds "9"]
[EventCountry "GER"]
[SourceTitle "EXT 2020"]
[Source "ChessBase"]
[SourceDate "2019.10.17"]
[SourceVersion "1"]
[SourceVersionDate "2019.10.17"]
[SourceQuality "1"]
[WhiteTeam "Pfarrkirchen SC"]
[BlackTeam "Muenchen FC Bayern II"]
[WhiteTeamCountry "GER"]
[BlackTeamCountry "GER"]

1. e4 e6 2. d4 d5 3. Nc3 Bb4 4. e5 Ne7 5. Qg4 c5 6. a3 Bxc3+ 7. bxc3 Qc7 8. Qxg7 Rg8 9. Qxh7 cxd4 10. Ne2 dxc3 11. f4 Nbc6 12. Qd3 Bd7 13. Be3 Rc8 14. g3 Na5 15. Nd4 a6 16. Bf2 Nec6 17. Qh7 Rf8 18. Qg7 Nc4 19. Nf3 Nd2 20. Ng5 Ne4 21. Nxe4 dxe4 22. Bg2 e3 23. Bxe3 Ne7 24. Bf2 Qc4 25. Rd1 Nf5 26. Qg4 Ba4 27. Qe2 Qxe2+ 28. Kxe2 Bxc2 29. Rc1 Ba4 30. Bxb7 Bb5+ 31. Kf3 Rc7 32. Be4 Ke7 33. g4 Nh6 34. Bh4+ Kd7 35. Rhd1+ Kc8 36. Rd4 a5 37. Be1 Kb8 38. Rxc3 Rfc8 39. Rxc7 Kxc7 40. Bxa5+ 1-0

[Event "Landesliga Sued 9899"]
[Site "Bayern"]
[Date "1998.10.11"]
[Round "1.5"]
[White "Zauner, Josef"]
[Black "Buchweitz, Joerg"]
[Result "0-1"]
[WhiteElo "2150"]
[BlackElo "2115"]
[PlyCount "72"]
[EventDate "1998.11.10"]
[EventType "team-tourn"]
[EventRounds "9"]
[EventCountry "GER"]
[SourceTitle "EXT 2020"]
[Source "ChessBase"]
[SourceDate "2019.10.17"]
[SourceVersion "1"]
[SourceVersionDate "2019.10.17"]
[SourceQuality "1"]
[WhiteTeam "Pfarrkirchen SC"]
[BlackTeam "Muenchen FC Bayern II"]
[WhiteTeamCountry "GER"]
[BlackTeamCountry "GER"]

1. e4 e6 2. d4 d5 3. Nc3 Bb4 4. e5 c5 5. a3 Bxc3+ 6. bxc3 Ne7 7. Nf3 Qa5 8. Bd2 Nbc6 9. a4 Bd7 10. Be2 f6 11. exf6 gxf6 12. c4 Qc7 13. cxd5 Nxd5 14. dxc5 0-0-0 15. Qc1 e5 16. c4 Nde7 17. 0-0 Rhg8 18. Kh1 Nf5 19. Be3 Be6 20. Rb1 Ncd4 21. Nxd4 Nxd4 22. Bxd4 Rxd4 23. Rb5 Bd7 24. Qa3 Bc6 25. f3 Qg7 26. Rg1 Qh6 27. g3 Rd2 28. Rb2 Rgd8 29. Re1 e4 30. Rxd2 Rxd2 31. f4 e3+ 32. Kg1 Qh3 33. Bg4+ Qxg4 34. Qxe3 Rxh2 35. Kxh2 Qh5+ 36. Kg1 Qh1+ 0-1

[Event "Regionalliga SO 9798"]
[Site "Bayern"]
[Date "1998.??.??"]
[Round "?.3"]
[White "Zauner, Josef"]
[Black "Huber, Edwin"]
[Result "0-1"]
[WhiteElo "2140"]
[BlackElo "2186"]
[PlyCount "88"]
[EventDate "1997.10.19"]
[EventType "team-tourn"]
[EventRounds "9"]
[EventCountry "GER"]
[SourceTitle "EXT 2020"]
[Source "ChessBase"]
[SourceDate "2019.10.17"]
[SourceVersion "1"]
[SourceVersionDate "2019.10.17"]
[SourceQuality "1"]
[WhiteTeam "Pfarrkirchen SC"]
[BlackTeam "Ilmmuenster"]
[WhiteTeamCountry "GER"]
[BlackTeamCountry "GER"]

1. e4 g6 2. d4 Bg7 3. Nc3 c6 4. Nf3 d5 5. h3 Nf6 6. e5 Ne4 7. Nxe4 dxe4 8. Ng5 f6 9. exf6 exf6 10. Nxe4 Qe7 11. Qe2 0-0 12. Nc5 Qd6 13. Be3 f5 14. g3 b6 15. Nb3 a5 16. Qd2 Qd5 17. Rg1 Qf7 18. Nc1 Ra7 19. Nd3 Rd8 20. c3 c5 21. dxc5 bxc5 22. Bxc5 Rad7 23. Qc2 Ba6 24. Nf4 g5 25. Ne2 Bd3 26. Qb3 Bc4 27. Qc2 Bxa2 28. Bd4 Bb3 29. Qd2 Nc6 30. Qxg5 Nxd4 31. Nxd4 Re8+ 32. Be2 Bc4 33. Kf1 h6 34. Qf4 Bxd4 35. cxd4 Bxe2+ 36. Kg2 Qd5+ 37. Kh2 Qxd4 38. Qxf5 Rf8 39. Qe6+ Rdf7 40. Rg2 Bf3 41. Qg6+ Rg7 42. Qe6+ Kh7 43. Rxa5 Bxg2 44. Ra6 Bc6 0-1

[Event "Regionalliga SO 9697"]
[Site "Bayern"]
[Date "1997.02.16"]
[Round "6"]
[White "Zauner, Josef"]
[Black "Knechtel, Roland"]
[Result "1-0"]
[WhiteElo "2120"]
[BlackElo "2070"]
[PlyCount "57"]
[EventDate "1996.10.13"]
[EventType "team-tourn"]
[EventRounds "9"]
[EventCountry "GER"]
[SourceTitle "EXT 1999"]
[Source "ChessBase"]
[SourceDate "1998.11.16"]
[SourceVersion "1"]
[SourceVersionDate "1998.11.16"]
[SourceQuality "1"]
[WhiteTeam "Pfarrkirchen SC"]
[BlackTeam "Waldkirchen TSV"]
[WhiteTeamCountry "GER"]
[BlackTeamCountry "GER"]

1. e4 c5 2. Nf3 d6 3. d4 cxd4 4. Nxd4 Nf6 5. Nc3 a6 6. Be3 e6 7. f3 Qc7 8. g4 b5 9. Qd2 Nc6 10. Nxc6 Qxc6 11. 0-0-0 Be7 12. h4 Bb7 13. Bg2 b4 14. Ne2 d5 15. g5 Nd7 16. Nd4 Qc7 17. exd5 Bxd5 18. f4 Nb6 19. Bxd5 Nxd5 20. f5 e5 21. Nb5 axb5 22. Qxd5 0-0 23. g6 Qc4 24. gxf7+ Kh8 25. Bg5 Bxg5+ 26. hxg5 Qf4+ 27. Kb1 Qxf5 28. Rdf1 Qxg5 29. Qxa8 1-0

[Event "Regionalliga SO 9697"]
[Site "Bayern"]
[Date "1996.11.17"]
[Round "2"]
[White "Zenker, Ulrich"]
[Black "Zauner, Josef"]
[Result "1/2-1/2"]
[WhiteElo "2190"]
[BlackElo "2120"]
[PlyCount "85"]
[EventDate "1996.10.13"]
[EventType "team-tourn"]
[EventRounds "9"]
[EventCountry "GER"]
[SourceTitle "EXT 1999"]
[Source "ChessBase"]
[SourceDate "1998.11.16"]
[SourceVersion "1"]
[SourceVersionDate "1998.11.16"]
[SourceQuality "1"]
[WhiteTeam "Ebersberg Grafing"]
[BlackTeam "Pfarrkirchen SC"]
[WhiteTeamCountry "GER"]
[BlackTeamCountry "GER"]

1. d4 d5 2. Nf3 Nf6 3. c4 e6 4. Bg5 Nbd7 5. Qc2 Be7 6. Nbd2 c6 7. e3 Ne4 8. Bxe7 Qxe7 9. Bd3 f5 10. 0-0 0-0 11. a3 Rf6 12. b4 Rh6 13. b5 g5 14. g3 g4 15. Bxe4 fxe4 16. Nh4 Nf8 17. bxc6 bxc6 18. Qa4 Bd7 19. Qb4 Qf7 20. Qd6 Rd8 21. Qe5 Rh5 22. Qf4 Qg7 23. Rab1 e5 24. dxe5 Ne6 25. Qf6 Qxf6 26. exf6 Nc5 27. Ng2 Rf5 28. Nf4 Rxf6 29. Rfc1 Nd3 30. Rc3 Nxf4 31. gxf4 Be6 32. Rb7 Rf7 33. Rxf7 Kxf7 34. cxd5 Bxd5 35. Kg2 Rb8 36. Kg3 h5 37. Nc4 Ke6 38. Ne5 Rc8 39. Kh4 Kf5 40. Rc5 Rc7 41. Nxc6 Rxc6 42. Rxd5+ Ke6 43. Rxh5 1/2-1/2

[Event "Regionalliga SO 9697"]
[Site "Bayern"]
[Date "1996.10.13"]
[Round "1"]
[White "Zauner, Josef"]
[Black "Gradwohl, Manfred"]
[Result "1/2-1/2"]
[WhiteElo "2120"]
[BlackElo "2115"]
[PlyCount "46"]
[EventDate "1996.10.13"]
[EventType "team-tourn"]
[EventRounds "9"]
[EventCountry "GER"]
[SourceTitle "EXT 1999"]
[Source "ChessBase"]
[SourceDate "1998.11.16"]
[SourceVersion "1"]
[SourceVersionDate "1998.11.16"]
[SourceQuality "1"]
[WhiteTeam "Pfarrkirchen SC"]
[BlackTeam "Freising SK"]
[WhiteTeamCountry "GER"]
[BlackTeamCountry "GER"]

1. e4 e6 2. d4 d5 3. Nc3 Bb4 4. e5 c5 5. a3 Bxc3+ 6. bxc3 Ne7 7. h4 Qa5 8. Bd2 cxd4 9. cxd4 Qa4 10. Nf3 b6 11. h5 h6 12. g4 Ba6 13. Qb1 Bxf1 14. Rxf1 Nbc6 15. Qb3 Qc4 16. Qxc4 dxc4 17. c3 0-0-0 18. Bc1 Nd5 19. Kd2 f6 20. exf6 Nxf6 21. Re1 Nxg4 22. Rxe6 Na5 23. Ke2 Nb3 1/2-1/2

[Event "Regionalliga SO 9596"]
[Site "Bayern"]
[Date "1996.02.25"]
[Round "6"]
[White "Zauner, Josef"]
[Black "Gschwendtner, Stanislav"]
[Result "1/2-1/2"]
[WhiteElo "2115"]
[BlackElo "2015"]
[PlyCount "95"]
[EventDate "1995.10.15"]
[EventType "team-tourn"]
[EventRounds "9"]
[EventCountry "GER"]
[SourceTitle "EXT 1999"]
[Source "ChessBase"]
[SourceDate "1998.11.16"]
[SourceVersion "1"]
[SourceVersionDate "1998.11.16"]
[SourceQuality "1"]
[WhiteTeam "Pfarrkirchen SC"]
[BlackTeam "Deggendorf"]
[WhiteTeamCountry "GER"]
[BlackTeamCountry "GER"]

1. e4 a6 2. d4 b5 3. Bd3 Bb7 4. Nf3 Nf6 5. Qe2 e6 6. 0-0 c5 7. c3 Nc6 8. dxc5 Bxc5 9. Bg5 h6 10. Bh4 g5 11. Bg3 Nh5 12. Nbd2 Nxg3 13. hxg3 g4 14. Nh2 h5 15. e5 Qg5 16. Rfe1 Nxe5 17. Qxe5 Qxd2 18. Nxg4 hxg4 19. Qxh8+ Ke7 20. Qh4+ f6 21. Qh7+ Kd8 22. Re2 Qg5 23. Rd1 Qd5 24. Qe4 Kc7 25. Qxd5 Bxd5 26. Be4 Bxe4 27. Rxe4 f5 28. Re5 Bb6 29. Rd3 Rh8 30. b4 Kc6 31. Re2 Rh6 32. a4 d5 33. Ra2 bxa4 34. Rxa4 Kb5 35. Ra2 Kc4 36. Rd1 Kxc3 37. Rxa6 e5 38. Ra8 d4 39. Rc8+ Kb2 40. b5 Ba5 41. Rc5 Bc3 42. Rxe5 Kc2 43. Rf1 d3 44. Rxf5 d2 45. Rd5 Re6 46. Rd7 Ba5 47. Rd5 Bb6 48. Kh2 1/2-1/2

[Event "Regionalliga SO 9495"]
[Site "Bayern"]
[Date "1995.??.??"]
[Round "?.3"]
[White "Fischer, Michael2222"]
[Black "Zauner, Josef"]
[Result "1-0"]
[WhiteElo "2070"]
[BlackElo "2105"]
[PlyCount "79"]
[EventDate "1994.10.??"]
[EventType "team-tourn"]
[EventRounds "9"]
[EventCountry "GER"]
[SourceTitle "EXT 1999"]
[Source "ChessBase"]
[SourceDate "1998.11.16"]
[SourceVersion "1"]
[SourceVersionDate "1998.11.16"]
[SourceQuality "1"]
[WhiteTeam "Straubing SC"]
[BlackTeam "Pfarrkirchen SC"]
[WhiteTeamCountry "GER"]
[BlackTeamCountry "GER"]

1. c4 e5 2. Nc3 Nc6 3. g3 d6 4. Bg2 Be6 5. Nd5 Nge7 6. e3 f5 7. Ne2 Qd7 8. 0-0 0-0-0 9. Qa4 Kb8 10. Nec3 e4 11. d4 exd3 12. Nb5 Nc8 13. Nbxc7 Ne5 14. Qb3 Bxd5 15. Nxd5 Qc6 16. Nb4 Qb6 17. Rd1 g6 18. f4 Ng4 19. Rxd3 h5 20. c5 dxc5 21. Nc6+ bxc6 22. Qxb6+ axb6 23. Rxd8 Kc7 24. Rd1 Bg7 25. h3 Nh6 26. Rb1 c4 27. Bd2 Re8 28. Kf2 h4 29. gxh4 Bf6 30. Bc3 Bxh4+ 31. Kf3 Nf7 32. Rd4 b5 33. Ba5+ Kb7 34. Rd7+ Ka6 35. Bb4 Nd8 36. Rg7 Re6 37. Rd1 Nb6 38. Bc5 Nb7 39. Bd4 Nd5 40. Bf1 1-0